Gardening at Eden and How to do it at Home / (Record no. 36538)

MARC details
000 -LEADER
fixed length control field 00497nam a22001577a 4500
005 - DATE AND TIME OF LATEST TRANSACTION
control field 20241002143827.0
008 - FIXED-LENGTH DATA ELEMENTS--GENERAL INFORMATION
fixed length control field 240904b |||||||| |||| 00| 0 eng d
020 ## - INTERNATIONAL STANDARD BOOK NUMBER
ISBN 978-1-905-81111-3
082 ## - DEWEY DECIMAL CLASSIFICATION NUMBER
Classification number 635.097
Item number BIG-G
245 ## - TITLE STATEMENT
Title Gardening at Eden and How to do it at Home /
Statement of responsibility, etc. by Mattew Biggs, and Caroline Huges (photographer)
260 ## - PUBLICATION, DISTRIBUTION, ETC.
Place of Publication Germany :
Name of publisher, distributor, etc. Transworld Publisher ;
Date of publication, distribution, etc. 2006 .
300 ## - PHYSICAL DESCRIPTION
Pages 320.p. :
500 ## - GENERAL NOTE
General note Include Index.
650 ## - SUBJECT ADDED ENTRY--TOPICAL TERM
Subject / Department Agriculture
300 ## - PHYSICAL DESCRIPTION
-- ill ;
-- 24.5 cm.
952 ## - LOCATION AND ITEM INFORMATION (KOHA)
-- 0
-- 0
Holdings
Lost status Damaged status Collection code Permanent Location Current Location Shelving Location Date acquired Full Call Number Accession No./Barcode Date last seen item type Koha item type
    Agriculture and Veterinary Superior Information Resource Center (SIRC) Superior University- Main Campus Superior Information Resource Center (SIRC) Superior University- Main Campus Agriculture 09/04/2024 635.097 BIG-G 2006 29383 09/04/2024 BOOK BOOK

Powered by Koha